| 000 -CABECERA |
| Longitud fija campo de control |
01230nam a2200301 a 4500 |
| 003 - IDENTIFICADOR DEL NÚMERO DE CONTROL |
| Identificador del número de control |
OSt |
| 005 - FECHA Y HORA DE LA ÚLTIMA TRANSACCIÓN |
| Fecha y hora de la última transacción |
20211117112740.0 |
| 008 - CÓDIGOS DE INFORMACIÓN DE LONGITUD FIJA |
| Códigos de información de longitud fija |
030515s2003 sp |||||| 000 ||cat|c |
| 020 ## - NÚMERO INTERNACIONAL NORMALIZADO PARA LIBROS |
| Número Internacional Normalizado para Libros (ISBN) |
8401386268 |
| 040 ## - FUENTE DE LA CATALOGACIÓN |
| Centro catalogador de origen |
CDMR |
| Lengua de catalogación |
cat |
| Centro transcriptor |
0 |
| 080 ## - NÚMERO DE LA CLASIFICACIÓN DECIMAL UNIVERSAL |
| Número de la Clasificación Decimal Universal |
654.19(467.1) |
| 100 1# - PUNTO DE ACCESO PRINCIPAL-NOMBRE DE PERSONA |
| Nombre de persona |
Pàmies, Teresa |
| 9 (RLIN) |
2958 |
| 245 10 - MENCIÓN DE TÍTULO |
| Título |
3x1 : |
| Resto del título |
el món actual a través de tres generacions / |
| Mención de responsabilidad, etc. |
Teresa Pàmies, Margarita Rivière, Pilar Rahola ; pròleg de Josep Cuní |
| 260 ## - PUBLICACIÓN, DISTRIBUCIÓN, ETC. (PIE DE IMPRENTA) |
| Lugar de publicación, distribución, etc. |
Barcelona : |
| Nombre del editor, distribuidor, etc. |
Rosa dels Vents, |
| Fecha de publicación, distribución, etc. |
2003 |
| 300 ## - DESCRIPCIÓN FÍSICA |
| Extensión |
188 p. ; |
| Dimensiones |
23 cm |
| 500 ## - NOTA GENERAL |
| Nota general |
Recull de les intervencions radiofòniques dins el programa "Els matins amb Josep Cuní" d'Ona Catalana, entre els anys 2000 i 2002 |
| 600 10 - PUNTO DE ACCESO ADICIONAL DE MATERIA - NOMBRE DE PERSONA |
| 9 (RLIN) |
2958 |
| Nombre de persona |
Pàmies, Teresa |
| Subdivisión de materia general (R ) |
Punts de vista polítics i socials |
| 600 10 - PUNTO DE ACCESO ADICIONAL DE MATERIA - NOMBRE DE PERSONA |
| 9 (RLIN) |
849 |
| Nombre de persona |
Rivière, Margarita |
| Subdivisión de materia general (R ) |
Punts de vista polítics i socials |
| 600 10 - PUNTO DE ACCESO ADICIONAL DE MATERIA - NOMBRE DE PERSONA |
| 9 (RLIN) |
3152 |
| Nombre de persona |
Rahola, Pilar |
| Subdivisión de materia general (R ) |
Punts de vista polítics i socials |
| 630 #0 - PUNTO DE ACCESO ADICIONAL DE MATERIA - TÍTULO UNIFORME |
| 9 (RLIN) |
4700 |
| Título uniforme |
Matins amb Josep Cuní (Programa de ràdio) |
| 650 #0 - PUNTO DE ACCESO ADICIONAL DE MATERIA - TÉRMINO DE MATERIA |
| 9 (RLIN) |
3105 |
| Término de materia o nombre geográfico como elemento inicial |
Radiodifusió |
| Subdivisión de forma |
Programes |
| Subdivisión geográfica |
Catalunya |
| 700 1# - PUNTO DE ACCESO ADICIONAL - NOMBRE DE PERSONA |
| Nombre de persona |
Rivière, Margarita |
| 9 (RLIN) |
849 |
| 700 1# - PUNTO DE ACCESO ADICIONAL - NOMBRE DE PERSONA |
| Nombre de persona |
Rahola, Pilar |
| 9 (RLIN) |
3152 |
| 700 1# - PUNTO DE ACCESO ADICIONAL - NOMBRE DE PERSONA |
| Nombre de persona |
Cuní, Josep |
| 9 (RLIN) |
1754 |
| 730 ## - PUNTO DE ACCESO ADICIONAL - TÍTULO UNIFORME |
| Número de control del registro de autoridad |
Matins amb Josep Cuní (Programa de ràdio) |
| 740 0# - PUNTO DE ACCESO ADICIONAL - TÍTULO RELACIONADO O ANALÍTICO NO CONTROLADO |
| Título relacionado o analítico no controlado |
Tres per u |
| 942 ## - ENTRADA DE ELEMENTOS AGREGADOS (KOHA) |
| Fuente de clasificaión o esquema |
|
| Koha [por defecto] tipo de item |
Monografies |